000
00288nam a22001337a 4500
008
170804b xxu||||| |||| 00| 0 eng d
020
_a
9781562761295
041
_a
eng
080
_a
004
100
_a
33
101
_a
SHK
245
_a
HOW NETWORKS WORK
_c
DERFLER,F.J
942
_2
udc
_c
BK
999
_c
22727
_d
22727